| 000 | 01118nam a2200313 a 4500 | ||
|---|---|---|---|
| 001 | 000013993 | ||
| 003 | DO-SdBNP | ||
| 005 | 20250116133047.0 | ||
| 007 | ta | ||
| 008 | 091202s2000 dr r 001 0 spa d | ||
| 020 | _a9993423114 | ||
| 040 |
_aDO-SdBNP _bspa _cBNPHU |
||
| 082 | 4 |
_aRD864.44 _bR789c |
|
| 100 | 1 |
_aRosario Candelier, Bruno, _d1941- _9851 |
|
| 245 | 1 | 0 |
_aColoquio literario : _bestudios y entrevistas / _cBruno Rosario Candelier ; edición Gisela Vargas Ortega ; presentación George Manuel Hazoury Peña. |
| 260 |
_aSanto Domingo : _bBanco de Reservas, _c2000. |
||
| 300 |
_a480 p. ; _c24 cm. |
||
| 490 | 1 | _aBanco de Reservas de la República Dominicana | |
| 490 | 1 |
_aLiteratura _v9 |
|
| 500 | _aIncluye datos biográficos del autor en la solapa | ||
| 590 | _aInventariado, 2019/BT | ||
| 650 | 1 | 0 |
_aEnsayos dominicanos _965 |
| 650 | 1 | 4 |
_aLiteratura dominicana _979286 |
| 700 | 1 |
_aVargas Ortegas, Gisela, _eed. _931663 |
|
| 700 | 1 |
_aHazoury Peña, George Manuel _931664 |
|
| 830 |
_aBanco de Reservas de la República Dominicana _pLiteratura _n9 _931665 |
||
| 910 | _aD/G | ||
| 942 |
_2ddc _cLBS1 |
||
| 999 |
_c13597 _d13597 |
||